00697nam a2200241 a 4500001001300000003000900013005001700022008004100039020001000080082001700090100003300107245003000140260003200170300000900202500003500211505001000246650001900256700003300275902000800308942000700316952011700323999001500440nice12345678IN_TiNIC20260116011532.0050524s1966 lona grp 000 0 eng  ac10000a297.822bBUR aBurhanuddin, Syedna Muhammed aTreasury of Reminiscences aLondon bNo Publisherc1966 a147p aincludes index and biblioraphy2 aIndex aDawoodi Bohras1 aBurhanuddin, Syedna Muhammed bSRS cBK 001040708StackRoom-aHMIbHMId2007-06-29g100.00l0o297.822 BURp03412r2007-06-29v100.00w2005-05-24yBK c2408d2408